| 000 | 00535cam a2200205ua 4500 | ||
|---|---|---|---|
| 003 | OSt | ||
| 008 | 250130b |||||||| |||| 00| 0 eng d | ||
| 041 | _aeng | ||
| 082 |
_a627.13 _bAIS/DE |
||
| 100 |
_aAisenbrey, A. J . _97029 |
||
| 245 | _aDesign of small canal structures / | ||
| 250 | _a1 / | ||
| 260 |
_aIndia : _bScientific Publishers , _c1986. |
||
| 300 | _a435 ; . | ||
| 700 | 1 |
_aHayes, R.B . _97030 |
|
| 700 | 1 |
_aWarren, H J . _97031 |
|
| 700 | 1 |
_aWinsett, D.L . _97032 |
|
| 700 | 1 |
_aYoung, R.B . _97033 |
|
| 942 | _cBK | ||
| 999 |
_c1571 _d1571 |
||